000
00248nam a2200097Ia 4500
082
_a
920.001 LIMB
245
0
_a
Nelson Mandela
100
_a
LIMB, Peter Mumbia, 2009
_9
85885
942
_c
BK
008
210817s9999 xx 000 0 und d
999
_c
408222
_d
408222